KÜLÖNLEGES KOKTÉLOK TÖRTÉNETE ÉS FOGYASZTÁSI SZOKÁSAIK NAPJAINKBAN

Bibliográfiai részletek
Szerző: Szirom Dániel István
További közreműködők: Magyarné Horváth Dr. Kinga
Dokumentumtípus: Záródolgozat
Kulcsszavak:Bár
Bártender
Koktél
Koktél, különleges
Fogyasztási szokás, koktél
Elemzés
Online Access:http://dolgozattar.uni-bge.hu/59391

MARC

LEADER 00000nta a2200000 i 4500
001 dolg59391
005 20260114115235.0
008 260114suuuu hu o 000 hun d
040 |a BGE Dolgozattár Repozitórium  |b hun 
041 |a hu 
100 1 |a Szirom Dániel István 
245 1 0 |a KÜLÖNLEGES KOKTÉLOK TÖRTÉNETE ÉS FOGYASZTÁSI SZOKÁSAIK NAPJAINKBAN  |c Szirom Dániel István  |h [elektronikus dokumentum] 
516 |a Final_paper 
695 |a Bár 
695 |a Bártender 
695 |a Koktél 
695 |a Koktél, különleges 
695 |a Fogyasztási szokás, koktél 
695 |a Elemzés 
700 1 |a Magyarné Horváth Dr. Kinga  |e ths 
856 4 0 |u http://dolgozattar.uni-bge.hu/59391/1/Szirom-Daniel-Istvan.pdf  |z Dokumentum-elérés